Statistiques concernant Top 10 Catastrophes naturelles - Reliez avec la date et la sorte de catastrophe

Cliquez ici pour prendre le quiz!

Statistiques générales

  • Ce quiz a été pris 67 fois
  • Le résultat moyen est 7 sur 10

Statistiques - réponses

Hint Answer % Correct
11 Mars 2011Tsunami
97%
18 avril 1906Séisme
71%
1er Novembre 1755Séisme
71%
26 Décembre 2004Séisme
71%
28 Décembre 1908Séisme
71%
1er Septembre 1923Séisme
71%
28 Juillet 1976Séisme
71%
24 Août 79 Après Jésus-ChristÉruption volcanique
63%
8 Mai 1802Éruption volcanique
63%
7 Août 1783Éruption volcanique
63%

Distribution des résultats

Percentile by Number Answered

% des personnes avec chaque résultat

Votre développement - résultats

Vous n’avez pas pris ce quiz